Introduction to linear algebra and the theory of matrices /

Guardado en:
Autor Principal: Schwerdtfeger, Hans.
Formato: Libro
Idioma:English
Publicado: Groningen, Holland : P. Noordhoff, 1950.
Etiquetas: Agregar Etiqueta
Sin Etiquetas, Sea el primero en etiquetar este registro!
LEADER 00473nam a22001455a 4500
001 MAT.inmabb000845
008 031119s1950####ne############001#0#eng#d
005 20130315125455.0
245 1 0 |a Introduction to linear algebra and the theory of matrices /  |c by Hans Schwerdtfeger. 
260 |a Groningen, Holland :  |b P. Noordhoff,  |c 1950. 
300 |a 279 p. ;  |c cm. 
510 4 |a MR,  |c 12,470g 
100 1 |a Schwerdtfeger, Hans. 
084 |a 15-01  |2 msc2000 
859 |h 15  |i Sc415  |p A-664  |b BIB. MATEMATICA